Countries Ending In -I - Statistics

General Stats
  • This quiz has been taken 44 times
    35 since last reset
  • The average score is 6 of 9
Answer Stats
Countries % Correct
Fiji
87%
Kiribati
81%
Mali
81%
Brunei
71%
Haiti
71%
Djibouti
68%
Eswatini
58%
Malawi
58%
Burundi
45%
No matching quizzes found
Score Distribution
Percent of People with Each Score
Percentile by Number Answered
Your Score History
You have not taken this quiz since the last reset